Objective review in soil and water engineering (Record no. 14795)
[ view plain ]
| 000 -LEADER | |
|---|---|
| fixed length control field | 00343nam a22001337a 4500 |
| 020 ## - INTERNATIONAL STANDARD BOOK NUMBER | |
| ISBN | 8186308822 |
| 082 ## - DEWEY DECIMAL CLASSIFICATION NUMBER | |
| Classification number | 631.45 |
| Item number | SUR/OB |
| 100 ## - MAIN ENTRY--AUTHOR NAME | |
| Personal name | Suresh, R |
| 100 ## - MAIN ENTRY--AUTHOR NAME | |
| Personal name | Mishra, A.P |
| 245 ## - TITLE STATEMENT | |
| Title | Objective review in soil and water engineering |
| 260 ## - PUBLICATION, DISTRIBUTION, ETC. (IMPRINT) | |
| Place of publication | Delhi |
| Name of publisher | Standard Publishers Distributors |
| Year of publication | 2017 |
| 300 ## - PHYSICAL DESCRIPTION | |
| Number of Pages | 657p |
| 942 ## - ADDED ENTRY ELEMENTS (KOHA) | |
| Koha item type | Books |
| Withdrawn status | Lost status | Damaged status | Home library | Current library | Shelving location | Date acquired | Cost, normal purchase price | Full call number | Accession Number | Koha item type | Collection code | Source of acquisition |
|---|---|---|---|---|---|---|---|---|---|---|---|---|
| KAUAET | KAUAET | Scheme | 28/03/2017 | 225.00 | 631.45 SUR/OB | BB 454 | Book Bank scheme for SC students | |||||
| KAUAET | KAUAET | Scheme | 28/03/2017 | 225.00 | 631.45 SUR/OB | BB 455 | Book Bank scheme for SC students | |||||
| KAUAET | KAUAET | General Stacks | 30/03/2017 | 225.00 | 631.45 SUR/OB | 25256 | Books | Neoti book Agency | ||||
| KAUAET | KAUAET | General Stacks | 30/03/2017 | 225.00 | 631.45 SUR/OB | 25257 | Books | Neoti book Agency | ||||
| KAUAET | KAUAET | General Stacks | 30/03/2017 | 225.00 | 631.45 SUR/OB | 25258 | Books | Neoti book Agency | ||||
| KAUAET | KAUAET | General Stacks | 30/03/2017 | 225.00 | 631.45 SUR/OB | 25259 | Books | Neoti book Agency | ||||
| KAUAET | KAUAET | General Stacks | 30/03/2017 | 225.00 | 631.45 SUR/OB | 25260 | Books | Neoti book Agency | ||||
| KAUAET | KAUAET | Scheme | 31/03/2021 | 225.00 | 631.45 SUR/OB | BB 604 | Book Bank scheme for SC students | General Books | M/S TBS Books Calicut | |||
| KAUAET | KAUAET | Scheme | 31/03/2021 | 225.00 | 631.45 SUR/OB | BB 605 | Book Bank scheme for SC students | General Books | M/S TBS Books Calicut |
